000 00317nam a22001457a 4500
003 OSt
008 250516b |||||||| |||| 00| 0 eng d
100 _aGURUDATT
245 _aDighvijay
250 _a16th
260 _aNew Delhi
_bHindu Sahitya Sadan
_c2016
300 _a270
650 _aGeneral
942 _2ddc
_cBK
999 _c13586
_d13586